[Event "Leipzig VfB op 14th"]
[Site "Leipzig"]
[Date "2007.03.24"]
[Round "7"]
[White "Wittig, Holger"]
[Black "Dunne, Paul"]
[Result "1-0"]
[WhiteElo "1618"]
[BlackElo "1857"]
[PlyCount "121"]
[EventDate "2007.03.20"]
[EventType "swiss"]
[EventRounds "9"]
[EventCountry "GER"]
[SourceTitle "EXT 2008"]
[Source "ChessBase"]
[SourceDate "2007.11.25"]
[SourceVersion "1"]
[SourceVersionDate "2007.11.25"]
[SourceQuality "1"]

1. d4 d5 2. Nf3 Nf6 3. e3 e6 4. Bd3 c5 5. c3 Nc6 6. Nbd2 Bd6 7. 0-0 0-0 8. dxc5 Bxc5 9. e4 Qc7 10. Qe2 Bd7 11. e5 Ng4 12. Bxh7+ Kh8 13. Nb3 Be7 14. Bc2 g6 15. Bf4 Kg7 16. h3 Nh6 17. g4 Qd8 18. Qd2 Rh8 19. Kg2 Ng8 20. g5 Rc8 21. Rh1 b5 22. a3 Na5 23. Nxa5 Qxa5 24. h4 Rc4 25. Bd3 Bc6 26. Nd4 Bb7 27. Kg3 Qb6 28. Qe2 Bc5 29. Be3 Rxd4 30. cxd4 Bxd4 31. Bxd4 Qxd4 32. Bxb5 Ne7 33. Bd3 Qb6 34. Rh2 d4 35. h5 gxh5 36. Rxh5 Nf5+ 37. Bxf5 exf5 38. Rxh8 Qb3+ 39. f3 Kxh8 40. Rd1 Qd5 41. Kf4 Kg7 42. e6 f6 43. gxf6+ Kxf6 44. Kg3 f4+ 45. Kf2 Qg5 46. Rg1 Qh4+ 47. Kf1 Qh3+ 48. Qg2 Qxf3+ 49. Qxf3 Bxf3 50. Kf2 Bd5 51. Rd1 Kxe6 52. Rxd4 Ke5 53. Ra4 Kf5 54. Rxa7 Ke4 55. a4 Bb3 56. a5 Kd4 57. Rc7 Kd5 58. a6 Kd6 59. Rc1 Ke5 60. a7 Bd5 61. Rc5 1-0

[Event "Leipzig VfB op 14th"]
[Site "Leipzig"]
[Date "2007.03.22"]
[Round "4"]
[White "Just, Gabriele"]
[Black "Wittig, Holger"]
[Result "1/2-1/2"]
[WhiteElo "2002"]
[BlackElo "1618"]
[PlyCount "118"]
[EventDate "2007.03.20"]
[EventType "swiss"]
[EventRounds "9"]
[EventCountry "GER"]
[SourceTitle "EXT 2008"]
[Source "ChessBase"]
[SourceDate "2007.11.25"]
[SourceVersion "1"]
[SourceVersionDate "2007.11.25"]
[SourceQuality "1"]

1. f4 d5 2. Nf3 Nc6 3. e3 g6 4. Bb5 Bd7 5. 0-0 Bg7 6. d3 Nf6 7. Bxc6 Bxc6 8. Ne5 Nd7 9. Nxc6 bxc6 10. e4 e5 11. f5 dxe4 12. dxe4 Nf6 13. Nc3 Qxd1 14. Rxd1 gxf5 15. exf5 h6 16. Be3 0-0 17. Rd2 a6 18. Rad1 Rfe8 19. h3 Bf8 20. g4 Rab8 21. Na4 Nd5 22. Kf2 Nxe3 23. Kxe3 Bd6 24. c4 c5 25. b3 f6 26. Rd5 Kf7 27. Nxc5 Ra8 28. Ne6 Rxe6 29. fxe6+ Kxe6 30. Ke4 h5 31. c5 Be7 32. Rd7 hxg4 33. hxg4 Bxc5 34. Rxc7 Bb4 35. Rc6+ Ke7 36. Kf5 a5 37. Rc7+ Ke8 38. Kxf6 e4 39. Rc6 Kf8 40. Re6 Re8 41. Rf1 Rxe6+ 42. Kxe6+ Kg7 43. Rf4 e3 44. Re4 Bd2 45. Kf5 Bc1 46. g5 Bd2 47. g6 Kf8 48. a3 Kg7 49. Re7+ Kg8 50. b4 axb4 51. axb4 Bxb4 52. Rxe3 Kg7 53. Rb3 Ba5 54. Rb7+ Kg8 55. Rd7 Bc3 56. Kg5 Bb2 57. Rc7 Be5 58. Rc5 Bd4 59. Rc4 Bb2 1/2-1/2